Bratstvo úradný orgán Pennsylvánskej slovenskej rím. a gr. kat. jednoty i orgán Pennsylvánskej slovenskej rím. a gr. kat. ženskej jednoty

Bibliographic Details
New Title:Pennsylvánska slovenská jednota
Format: Journal
Language:Slovak
English
PhysicalDescription:zv. 58 cm
Published: Wilkes-Barre, Pa. [Pennsylvánska slovenská rímsko- a grécko-katolícka jednota] 1899-[1990]
Wilkes-Barre, Pa. Pennsylvánia Slovak Roman and Greek Catholic Ladies Union
Wilkes-Barre, Pa. Pennsylvánska Slovenská katolícka jednota
ISSN:0892-550X
Subjects:

MARC

LEADER 00000cas a2200000 a 4500
001 vtls001323221
003 SK-MaSNL
005 20260228155643.0
008 180126d18991990xxuzr|p 0 0b0slo
022 |a 0892-550X 
035 |a SNK000275909 
040 |a SNK  |b slo  |c SNK  |e AACR2 
041 0 |a slo  |a eng 
044 |a xxu  |c US 
080 |a 272  |2 2011 
080 |a 050  |2 2001 
210 0 |a Bratstvo  |b (Willkes-Barre, Pa.) 
222 0 |a Bratstvo  |b (Willkes-Barre, Pa.) 
245 0 0 |a Bratstvo  |b úradný orgán Pennsylvánskej slovenskej rím. a gr. kat. jednoty i orgán Pennsylvánskej slovenskej rím. a gr. kat. ženskej jednoty 
246 1 1 |a Brotherhood  |b official organ the Pennsylvania Slovak Catholic Union, Passaic 
260 |a Wilkes-Barre, Pa.  |b [Pennsylvánska slovenská rímsko- a grécko-katolícka jednota]  |c 1899-[1990] 
260 2 |3 1917-1937  |a Wilkes-Barre, Pa.  |b Pennsylvánia Slovak Roman and Greek Catholic Ladies Union 
260 3 |3 1967-1990  |a Wilkes-Barre, Pa.  |b Pennsylvánska Slovenská katolícka jednota 
300 |a zv.  |c 58 cm 
310 |a 1x mesačne  |b 1970-1990 
321 |a 26x ročne  |b 1962-1969 
321 |a 1x týždenne  |b 1961 
362 0 |a 1899-[dec. 1990]  |z Exilová periodika/Formanová, Gruntorád, Přibáň/1999; LC/2009 - BA001 
500 |a Bg. Exilová periodika uvádza, že periodikum sa začalo tlačiť r. 1922. ISSN Compact uvádza začiatok tlače r. 1944. Katalóg BA438/2001 uvádza napr. r. 1990 ako 90 ročník. LC/2009 má 2 záznamy tohto titulu. Jeden za r. 1899-1942 a druhý za r. 1944-199?, s tým, že uvádza ako možný koniec vychádzania dec. 1990 
500 |a ISSN Compact uvádza ako vydavateľa Pennsylvánsku slovenskú rímsko- a grécko-katolícku jednotu vo Willkes-Barre, Pensylvánia 
546 |a Text aj v angl. 
650 0 7 |a Slováci v zahraničí  |2 SNKPH  |9 14695 
650 0 7 |a katolícke cirkvi  |2 SNKPH  |9 90971 
655 7 |a exilové periodiká  |2 SNKPH  |9 265092 
655 7 |a náboženské periodiká  |2 SNKPH  |9 265093 
785 0 1 |t Pennsylvánska slovenská jednota 
850 |a Slovenská národná knižnica v Martine 
910 |a snk 
999 |c 77  |d 77 
952 |0 0  |1 0  |4 0  |7 0  |a SNK  |b SNK  |d 2000-01-20  |l 0  |o snkČSA 788/68/1967  |p 17A0225114  |r 2005-01-02 00:00:00  |w 2026-02-21  |y PREZ 
952 |0 0  |1 0  |4 0  |7 0  |a SNK  |b SNK  |d 2000-01-20  |l 0  |o snkČSA 788/70/1969  |p 17A0225142  |r 2005-01-02 00:00:00  |w 2026-02-21  |y PREZ 
952 |0 0  |1 0  |4 0  |7 0  |a SNK  |b SNK  |d 2000-01-20  |l 0  |o snkČSA 788/69/1968  |p 17A0225135  |r 2005-01-02 00:00:00  |w 2026-02-21  |y PREZ 
952 |0 0  |1 0  |4 0  |7 0  |a SNK  |b SNK  |d 2000-03-21  |l 0  |o snkČSA 134/34/1933  |p 17A0223771  |r 2005-01-02 00:00:00  |w 2026-02-21  |y PREZ 
952 |0 0  |1 0  |4 0  |7 0  |a SNK  |b SNK  |d 2000-03-21  |l 0  |o snkČSA 134/6/1904  |p 17A0225125  |r 2005-01-02 00:00:00  |w 2026-02-21  |y PREZ 
952 |0 0  |1 0  |4 0  |7 0  |a SNK  |b SNK  |d 2000-03-21  |l 0  |o snkČSA 134/14/1912  |p 17A0225178  |r 2005-01-02 00:00:00  |w 2026-02-21  |y PREZ 
952 |0 0  |1 0  |4 0  |7 0  |a SNK  |b SNK  |d 2000-03-21  |l 0  |o snkČSA 134/15/1913  |p 17A0225164  |r 2005-01-02 00:00:00  |w 2026-02-21  |y PREZ 
952 |0 0  |1 0  |4 0  |7 0  |a SNK  |b SNK  |d 2000-03-21  |l 0  |o snkČSA 134/16/1914  |p 17A0225162  |r 2005-01-02 00:00:00  |w 2026-02-21  |y PREZ 
952 |0 0  |1 0  |4 0  |7 0  |a SNK  |b SNK  |d 2000-03-21  |l 0  |o snkČSA 134/21/1920  |p 17A0225163  |r 2005-01-02 00:00:00  |w 2026-02-21  |y PREZ 
952 |0 0  |1 0  |4 0  |7 0  |a SNK  |b SNK  |d 2000-03-21  |l 0  |o snkČSA 134/22/1921  |p 17A0225170  |r 2005-01-02 00:00:00  |w 2026-02-21  |y PREZ 
952 |0 0  |1 0  |4 0  |7 0  |a SNK  |b SNK  |d 2000-03-21  |l 0  |o snkČSA 134/23/1921-1922  |p 17A0225161  |r 2005-01-02 00:00:00  |w 2026-02-21  |y PREZ 
952 |0 0  |1 0  |4 0  |7 0  |a SNK  |b SNK  |d 2000-03-21  |l 0  |o snkČSA 134/24/1922-1923  |p 17A0223823  |r 2005-01-02 00:00:00  |w 2026-02-21  |y PREZ 
952 |0 0  |1 0  |4 0  |7 0  |a SNK  |b SNK  |d 2000-03-21  |l 0  |o snkČSA 134/25/1923-1924  |p 17A0225056  |r 2005-01-02 00:00:00  |w 2026-02-21  |y PREZ 
952 |0 0  |1 0  |4 0  |7 0  |a SNK  |b SNK  |d 2000-03-21  |l 0  |o snkČSA 134/27/1925-1926  |p 17A0225113  |r 2005-01-02 00:00:00  |w 2026-02-21  |y PREZ 
952 |0 0  |1 0  |4 0  |7 0  |a SNK  |b SNK  |d 2000-03-21  |l 0  |o snkČSA 134/29/1927-1928  |p 17A0225158  |r 2005-01-02 00:00:00  |w 2026-02-21  |y PREZ 
952 |0 0  |1 0  |4 0  |7 0  |a SNK  |b SNK  |d 2000-03-21  |l 0  |o snkČSA 134/30/1928-1929  |p 17A0225157  |r 2005-01-02 00:00:00  |t č. 1-38  |w 2026-02-21  |y PREZ 
952 |0 0  |1 0  |4 0  |7 0  |a SNK  |b SNK  |d 2000-03-21  |l 0  |o snkČSA 134/32/1930-1931  |p 17A0225165  |r 2005-01-02 00:00:00  |w 2026-02-21  |y PREZ 
952 |0 0  |1 0  |4 0  |7 0  |a SNK  |b SNK  |d 2000-03-21  |l 0  |o snkČSA 134/36/1935-1936  |p 17A0225156  |r 2005-01-02 00:00:00  |w 2026-02-21  |y PREZ 
952 |0 0  |1 0  |4 0  |7 0  |a SNK  |b SNK  |d 2000-03-21  |l 0  |o snkČSA 134/38/1937-1938  |p 17A0225155  |r 2005-01-02 00:00:00  |w 2026-02-21  |y PREZ 
952 |0 0  |1 0  |4 0  |7 0  |a SNK  |b SNK  |d 2000-03-21  |l 0  |o snkČSA 134/78/1977  |p 17A0225116  |r 2005-01-02 00:00:00  |w 2026-02-21  |y PREZ 
952 |0 0  |1 0  |4 0  |7 0  |8 1  |a SNK  |b SNK  |d 2000-03-21  |i snkD 71/2000  |l 0  |o snkČSA 134/79/1978  |p 17A0230524  |r 2005-01-02 00:00:00  |w 2026-02-21  |y PREZ 
952 |0 0  |1 0  |4 0  |7 0  |a SNK  |b SNK  |d 2000-03-21  |l 0  |o snkČSA 134/80/1979  |p 17A0225136  |r 2005-01-02 00:00:00  |w 2026-02-21  |y PREZ 
952 |0 0  |1 0  |4 0  |7 0  |8 1  |a SNK  |b SNK  |d 2000-03-21  |i snkD 72/2000  |l 0  |o snkČSA 134/86/1985  |p 17A0230525  |r 2005-01-02 00:00:00  |t č. 2-3  |w 2026-02-21  |y PREZ 
952 |0 0  |1 0  |4 0  |7 0  |8 5  |a SNK  |b SNK  |d 2004-01-26  |i snkF 990/75  |l 0  |o snkČSA 134/15/1913-1914 D1  |p 17A0409573  |r 2005-01-02 00:00:00  |w 2026-02-21  |y PREZ 
952 |0 0  |1 0  |4 0  |7 0  |8 5  |a SNK  |b SNK  |d 2004-01-26  |i snkF 991/75  |l 0  |o snkČSA 134/16/1914 D1  |p 17A0409598  |r 2005-01-02 00:00:00  |w 2026-02-21  |y PREZ 
952 |0 0  |1 0  |4 0  |7 0  |8 5  |a SNK  |b SNK  |d 2004-01-26  |i snkF 996/75  |l 0  |o snkČSA 134/24/1922-1923 D1  |p 17A0409524  |r 2005-01-02 00:00:00  |w 2026-02-21  |y PREZ 
952 |0 0  |1 0  |4 0  |7 0  |8 5  |a SNK  |b SNK  |d 2004-01-26  |i snkF 316/79  |l 0  |o snkČSA 134/25/1923-1924 D1  |p 17A0409525  |r 2005-01-02 00:00:00  |w 2026-02-21  |y PREZ 
952 |0 0  |1 0  |4 0  |7 0  |a SNK  |b SNK  |d 2004-01-26  |l 0  |o snkČSA 134/29/1927-1928 D1  |p 17A0409574  |r 2005-01-02 00:00:00  |w 2026-02-21  |y PREZ 
952 |0 0  |1 0  |4 0  |7 0  |a SNK  |b SNK  |d 2004-01-26  |l 0  |o snkČSA 134/36/1935-1936  |p 17A0409597  |r 2005-01-02 00:00:00  |w 2026-02-21  |y PREZ 
952 |0 0  |1 0  |4 0  |7 0  |8 5  |a SNK  |b SNK  |d 2004-01-26  |i snkF 1000/75  |l 0  |o snkČSA 134/36/1936 D1  |p 17A0409575  |r 2005-01-02 00:00:00  |w 2026-02-21  |y PREZ 
952 |0 0  |1 0  |4 0  |7 0  |8 5  |a SNK  |b SNK  |d 2004-01-26  |i snkF 1002/75  |l 0  |o snkČSA 134/40/1939 D1  |p 17A0409869  |r 2005-01-02 00:00:00  |w 2026-02-21  |y PREZ 
952 |0 0  |1 0  |4 0  |7 0  |8 5  |a SNK  |b SNK  |d 2004-01-26  |i snkF 1003/75  |l 0  |o snkČSA 134/40/1939-1940/2 D1  |p 17A0409576  |r 2005-01-02 00:00:00  |w 2026-02-21  |y PREZ 
952 |0 0  |1 0  |4 0  |7 0  |a SNK  |b SNK  |d 2000-03-21  |l 0  |o snkČSA 134/43/1943  |p 17A0225182  |r 2005-01-02 00:00:00  |t č. 1-52  |w 2026-02-21  |y PREZ 
952 |0 0  |1 0  |4 0  |7 0  |a SNK  |b SNK  |d 2000-03-21  |l 0  |o snkČSA 134/28/1927  |p 17A0225106  |r 2005-01-02 00:00:00  |w 2026-02-21  |y PREZ